000 00713cam a2200217 a 4500
001 12405809
005 20241108114020.0
008 010511s2002 maua b 001 0 eng
020 _a0072374128 (pbk.)
050 0 0 _aHB172.5
_b.S554 2002
082 0 0 _a339
_221
100 1 _aSlavin, Stephen L.
245 1 0 _aMacroeconomics /
_cStephen L. Slavin.
250 _a6th ed.
260 _aBoston :
_bMcGraw-Hill/Irwin,
_cc2002.
300 _axv, 597 p. :
_bill. ;
_c28 cm.
650 0 _aMacroeconomics.
856 4 2 _3Publisher description
_uhttp://www.loc.gov/catdir/description/mh021/2001034549.html
856 4 1 _3Table of contents
_uhttp://www.loc.gov/catdir/toc/mh021/2001034549.html
942 _2lcc
_cBK
_e6th Ed.
_n0
999 _c863
_d863